000 00289nam a2200121Ia 4500
008 190216s9999||||xx |||||||||||||| ||und||
100 _aDharm Pal
245 0 _aTraditions Of Indian Army
260 _bNational Book Stall
_c1961
300 _a178p
650 _aIndian History
942 _cBK
999 _c18918
_d18918